Catálogo

MARKETING INTERNACIONAL (Registro nro. 28274)

Detalles MARC
000 -LEADER
fixed length control field 00452nam a2200181 a 4500
001 - CONTROL NUMBER
control field 28274
005 - DATE AND TIME OF LATEST TRANSACTION
control field 20180713231127.0
008 - FIXED-LENGTH DATA ELEMENTS--GENERAL INFORMATION
fixed length control field 140415s2001 000 0 spa d
020 ## - INTERNATIONAL STANDARD BOOK NUMBER
International Standard Book Number 9701028570
041 ## - LANGUAGE CODE
Language code of text/sound track or separate title spa
082 ## - DEWEY DECIMAL CLASSIFICATION NUMBER
Classification number 658.848
Item number GAR
100 1# - MAIN ENTRY--PERSONAL NAME
Personal name GARCÍA SORDO, JUAN B.
245 10 - TITLE STATEMENT
Title MARKETING INTERNACIONAL
250 ## - EDITION STATEMENT
Edition statement 1a ed.
260 ## - PUBLICATION, DISTRIBUTION, ETC.
Place of publication, distribution, etc. [s.l.] :
Name of publisher, distributor, etc. MC GRAW HILL,
Date of publication, distribution, etc. 2001
300 ## - PHYSICAL DESCRIPTION
Extent 559
Dimensions 19 x 4 x 24
520 ## - SUMMARY, ETC.
Summary, etc. CG
Existencias
Withdrawn status Lost status Source of classification or shelving scheme Damaged status Not for loan Collection code Home library Current library Shelving location Date acquired Source of acquisition Total Checkouts Full call number Barcode Date last seen Date last checked out Price effective from Koha item type
    Dewey Decimal Classification     General Tehuacán Tehuacán Sala general 03/12/2013 Compra   658.848 GAR 501822 08/01/2025 03/11/2015 03/12/2013 Libro